| 000 | 01012nam a2200265Ia 4500 | ||
|---|---|---|---|
| 003 | OSt | ||
| 005 | 20220923211452.0 | ||
| 006 | a|||||r|||| 00| 0 | ||
| 007 | ta | ||
| 008 | 220922b |||||||| |||| 00| 0 hin d | ||
| 020 |
_a9789350721445 (hbk) _c395 |
||
| 024 | _a282,933 | ||
| 037 |
_b320, 10/01/2015, Vani Prakashan _cTextual |
||
| 040 |
_aARTS _cARTS _bhin |
||
| 041 |
_2hin _ahin |
||
| 082 | _aO152,6N383x, Q2 | ||
| 100 | _aकालिया, राजेन्द्र | ||
| 245 | 0 | _aकामरेड मोनालिज़ा तथा अन्य संस्मरण | |
| 246 | _aKāmareḍ monāliज़ā tathā anya sansmaraṇa | ||
| 260 |
_aनयी दिल्ली _b वाणी प्रकाशन _c2012 |
||
| 300 |
_a232पृ. _ccm. |
||
| 650 |
_aहिन्दी साहित्य _9156264 |
||
| 942 |
_hO152,6N383x, Q2 _cTEXL _2CC |
||
| 999 |
_c299828 _d299828 |
||